00456nam a22001337a 4500003000200000005001700002008004100019020001800060082003300078245009600111260005600207300002500263500003400288020230616144419.0230616b xxu||||| |||| 00| 0 eng d a971-630-021-2 aFil. 398.209599b.Pa294 1993 aThe girl who fell from the sky and other classic Philippine legendscPaterno, Maria Elena.  aMakati CitybTahanan Books for Young ReaderscC1993 a56pp.bill. c25cm.  aFolk literature-Philippines.